Loading...
| Philosophy | 1 | 5 | 1 | 1 | 60 | 72 | 116.00 | 0 | 4 |
| Fine Arts - Other Fine Arts | 0 | 4 | 0 | 1 | 40 | 73 | 108.50 | 0 | 3 |
| Social Science | 0 | 3 | 0 | 2 | 30 | 85 | 111.00 | 0 | 2 |
| History - American History | 0 | 3 | 0 | 1 | 30 | 94 | 106.00 | 1 | 2 |
| Science - Other Science | 1 | 1 | 0 | 0 | 25 | 39 | 75.50 | 0 | 1 |
| Literature - European Literature | 0 | 2 | 0 | 1 | 20 | 76 | 111.50 | 0 | 1 |
| Literature - American Literature | 0 | 2 | 0 | 0 | 20 | 97 | 103.50 | 0 | 2 |
| Literature - British Literature | 0 | 2 | 1 | 0 | 15 | 92 | 95.00 | 1 | 1 |
| History - World History | 0 | 1 | 0 | 1 | 10 | 115 | 115.00 | 0 | 0 |
| Pop Culture | 0 | 0 | 1 | 0 | -5 | 0.00 | 0 | 0 | |
| Literature - World Literature | 0 | 0 | 1 | 0 | -5 | 0.00 | 0 | 0 |